Introduȯ̂ ̉perc̕ia grafoscp̤ica

Bibliographic Details
Main Author: Palmieri Magri, Paulo
Format: eBook
Language:Portuguese
Published: San Pablo: LEUD - Livraria e Editora Universitr̀ia de Direito, 2020
Subjects:
Online Access:Acceso restringido

MARC

LEADER 00000nam a22000007a 4500
005 20210415225545.0
007 cr|||| ||||
008 210415s2020 br |||||s|||| 00||0 por d
020 |a 978-85-7456-385-5 
035 |a 33077 
040 |a vLex 
090 |c 11465  |d 11465 
100 1 |a Palmieri Magri, Paulo 
245 1 0 |a Introduȯ̂ ̉perc̕ia grafoscp̤ica  |h [Recurso electrn̤ico] /  |c Paulo Palmieri Magri 
256 |a Servicio en ln̕ea 
260 |a San Pablo:  |b LEUD - Livraria e Editora Universitr̀ia de Direito,  |c 2020 
300 |a 1 recurso electrn̤ico 
506 1 |a Disponible solo en los productos indicados  |d vLex Global  |d vLex Global (Academic Edition, excluding Law Schools)  |d vLex Global (U.S. Academic Edition, Law Schools)  |d vLex Global (U.S. Academic Edition, excluding Law Schools)  |d vLex Global (Academic Edition, Law Schools) 
650 0 4 |a Derecho Penal  |z Brasil 
650 0 4 |a Procedimiento Penal  |z Brasil 
740 0 |a vLex Libros (Servicio en ln̕ea) 
856 4 0 |u http://vlex.com/source/introdu-o-pericia-grafoscopica-33077  |z Acceso restringido 
942 |c BOOK 
999 0 |a Criminal Law 
999 0 |a Criminal Procedure